DC Dutta Textbook of Gynaecology (Record no. 158177)

MARC details
000 -LEADER
fixed length control field 00394nam a2200145Ia 4500
008 - FIXED-LENGTH DATA ELEMENTS--GENERAL INFORMATION
fixed length control field 230411s9999 xx 000 0 und d
020 ## - INTERNATIONAL STANDARD BOOK NUMBER
International Standard Book Number 978-93-85891-59-5
041 ## - LANGUAGE CODE
Language code of text/sound track or separate title eng
082 ## - DEWEY DECIMAL CLASSIFICATION NUMBER
Classification number OG/618.1/KON/B08464
100 ## - MAIN ENTRY--PERSONAL NAME
Personal name Dutta D C & Konar Hiralal
245 ## - TITLE STATEMENT
Title DC Dutta Textbook of Gynaecology
260 ## - PUBLICATION, DISTRIBUTION, ETC. (IMPRINT)
Name of publisher, distributor, etc. Jaypee Brothers
Place of publication, distribution, etc. New Delhi
Date of publication, distribution, etc. 2016
300 ## - PHYSICAL DESCRIPTION
Extent 574p
Holdings
Withdrawn status Lost status Damaged status Not for loan Collection code Home library Current library Date acquired Vendor Cost, normal purchase price Bill number Full call number Barcode Date last seen Cost, replacement price Bill Date Koha item type Original Barcode Total Checkouts Total Renewals Date last checked out
      Reference Gynecology Smt. Bakul Tambat Institute of Nursing Education Smt. Bakul Tambat Institute of Nursing Education 30/03/2017 Samutkarsh 795.00 1431 OG 618.1 KON B08464 BTIN-BK-8464 11/04/2023 580.35 30/03/2017 Books B08464      
        Gynecology Smt. Bakul Tambat Institute of Nursing Education Smt. Bakul Tambat Institute of Nursing Education 30/03/2017 Samutkarsh 795.00 1431 OG 618.1 KON B08465 BTIN-BK-8465 28/01/2026 580.35 30/03/2017 Books B08465 10 8 12/01/2026